Základy ekonómie a ekonomiky

Na minha lista:
Detalhes bibliográficos
Autor principal: Šlosár, Rudolf
Outros Autores: Búrová, Sidónia, Fabová, Ľudmila, Lisý, Ján
Formato: Livro
Idioma:eslovaco
Publicado em: Bratislava Slovenské pedagogické nakladateľstvo - Mladé letá 2004
Edição:4. uprav. vyd.
Assuntos:
Tags: Adicionar Tag
Sem tags, seja o primeiro a adicionar uma tag!

MARC

LEADER 00000nam$a2200000$$$4500
001 0061873
005 20240502071710.2
020 |a 80-10-00611-4 
041 0 |a slo 
044 |a SK 
245 1 0 |a Základy ekonómie a ekonomiky  |c Rudolf Šlosár ... [et al.] 
250 |a 4. uprav. vyd. 
264 1 |a Bratislava  |b Slovenské pedagogické nakladateľstvo - Mladé letá  |c 2004 
300 |a 88 s. 
610 2 0 |a ekonómia 
100 1 |a Šlosár, Rudolf 
700 1 |a Búrová, Sidónia 
700 1 |a Fabová, Ľudmila 
700 1 |a Lisý, Ján